Massachusetts'deki En Büyük Şehirler - Statistics

General Stats
  • This quiz has been taken 56 times
  • The average score is 3 of 20
Answer Stats
Nüfus Şehir % Correct
691,531 Boston
100%
184,570 Worcester
29%
152,646 Springfield
22%
119,192 Cambridge
20%
94,421 Quincy
12%
95,770 Brockton
10%
73,892 Framingham
10%
110,904 Lowell
10%
94,539 Lynn
10%
95,517 New Bedford
10%
62,069 Waltham
10%
89,792 Fall River
8%
64,098 Haverhill
8%
87,803 Newton
8%
(59,022) Brookline
6%
80,007 Lawrence
6%
59,922 Malden
4%
60,847 Medford
4%
80,935 Somerville
4%
58,104 Weymouth
4%
No matching quizzes found
Score Distribution
Percent of People with Each Score
Percentile by Number Answered
Your Score History
You have not taken this quiz